Sports Quiz

Random Sports Quiz
Score 0/60 Timer 08:00
0 Plays Today
Location Team % Correct
Seattle, WASockeye
84%
Boston, MAIronside
81.1%
Bay Area, CARevolver
78.6%
Atlanta, GAChain Lightning
78.6%
Austin, TXDoublewide
78.2%
Raleigh, NCRing of Fire
76.7%
Chicago, ILMachine
73.8%
Ottawa/Toronto, CanadaGOAT
73.3%
Twin Cities, MNSub Zero
72.3%
Boulder, COJohnny Bravo
72.3%
New York, New YorkPoNY
71.8%
Washington, D.C.Truck Stop
68%
San Francisco, CAFury
67%
Seattle, WARiot
62.6%
San Francisco, CAJam
59.7%
Santa Barbara, CACondors
58.7%
Boston, MABrute Squad
46.6%
Boston, MADoG
43.2%
Boston, MASlow White
40.8%
Atlanta, GAOzone
35.9%
Philadelphia, PAAMP
34%
Boston, MALady Godiva
33.5%
Chicago, ILNemesis
33%
TXShowdown
33%
Twin Cities, MNSurly
32%
Sommerville, MABodhi
31.6%
Missoula, MTMental Toss Flycoons
31.1%
Vancouver, BCTraffic
29.6%
Ottawa/Toronto, CanadaCapitals
27.2%
Minneapolis, MNPop
26.7%
Location Team % Correct
Atlanta, GABucket
26.2%
Boulder, CORare Air
18.9%
Charleston, SCEl Diablo
18%
Raleigh, NCBackhoe
17%
Philadelphia, PAO.L.D. S.A.G.
17%
SF Bay Area, CAMischief
16.5%
Seattle, WAD'Oh!
16.5%
Seattle, WAShazam Remains
15%
Austin, TXChewbacca Defense
14.1%
Boulder, COOld and in the Way
13.6%
State College, PAHooray for Coed, Hooray
13.1%
Boulder, COBox
12.6%
Boston, MAQuiet Coyote
11.7%
Tuscon, AZBarrio
11.7%
Nashville, TNGuillermo Y Compania
10.2%
Washington D.C.Chesapeaked
9.7%
MNAlpha Cobra Squadron
8.7%
Minneapolis, MNPeppermint Bon Bon
8.7%
FLLaYuma
7.3%
New York, NYPuppet Regime
7.3%
Madison/Milwaukee, WIOld Style
6.8%
Ottawa, CanadaGlum
6.8%
New York, NYAmbush
6.3%
DE/MD/NJ/PALoose Cannon
6.3%
Denver, COCougars
3.9%
Arcata,CATroubled Past
3.9%
Seattle, WAThrowback
3.9%
FLAnejo
2.9%
Denver, CODouble Black
2.4%
Dallas, TXMileage
1.9%

You're not logged in!

Compare scores with friends on all Sporcle quizzes.
OR
Log In

Sporcle TV

Today on Sporcle TV


Watch our educational content, quiz creation guides, and fun videos on Sporcle TV.

Show Comments

Extras

Top Quizzes Today


Score Distribution

Paid Content

Your Account Isn't Verified!

In order to create a playlist on Sporcle, you need to verify the email address you used during registration. Go to your Sporcle Settings to finish the process.

Report this User

Report this user for behavior that violates our Community Guidelines.

Details: